| 000 | 00906nam0a22002411 4500 | ||
|---|---|---|---|
| 001 | rc\4717824 | ||
| 005 | 20260408074355.0 | ||
| 035 | _a(NLR Aleph) 008439848 | ||
| 090 |
_a9470993 _c9470993 |
||
| 100 | _a20130416d1960 |||y0rusy50 ca | ||
| 101 | 0 | _arus | |
| 102 | _aRU | ||
| 105 | _ay z ||||| | ||
| 200 | 1 |
_aПлан формирования грузовых поездов железных дорог СССР на 1960-1961 гг. _eВведен в действие с 29 мая 1960 г. _fСССР. М-во пут. сообщ. [Гл. упр. движения] |
|
| 210 |
_aЛенинград _cБ. и. _d1960 |
||
| 215 |
_a362 с. _d22 |
||
| 333 | _aДСП. Экз. № 495 | ||
| 710 | 0 | 1 |
_aСССР _bГлавное управление движения _9633157 _3RU\NLR\AUTH\8810065778 |
| 801 | 0 |
_aRU _bNLR _gpsbo |
|
| 801 | 1 |
_aRU _bELAR _2rusmarc |
|
| 852 |
_aNLR _j60-5/3603 |
||
| 942 | _cBOOK | ||
| 980 | _aNB | ||